Estatísticas para Vencedores do Prêmio Melhores do Ano - Ator de série

Clique aqui para jogar o quiz

Estatísticas Gerais

  • Esse quiz foi jogado 10 vezes
  • A pontuação média é 5 de 6

Estatísticas das Respostas

AnoSérieAtor% Correto
2014Dupla IdentidadeBruno Gagliasso
88%
2016JustiçaJesuíta Barbosa
88%
2017Sob PressãoJúlio Andrade
75%
2019Sob PressãoJúlio Andrade
75%
2015Tapas & BeijosVladimir Brichta
75%
2018Onde Nascem os FortesAlexandre Nero
63%

Distribuição das Pontuações

Percentil de Números Respondidos

Porcentagem de Pessoas com Cada Pontuação

Sua Pontuação Histórica

Você não jogou esse quiz